000 00979nas a2200277 4500
001 BR8704851
003 BR-BrBNA
005 20231205090725.0
007 ta
008 230509b bl.|||p| |||| 00| 00por d
040 _aBR-BrBNA
_bpor
_cBiblioteca Nacional de Agricultura
041 _a(Pt)
072 _aP34
100 1 _aAlmeida, R.T.
100 1 _aFreire, V.F.
100 1 _aVasconcelos, I.
111 1 _a20. Congresso Brasileiro de Ciencia do Solo
_cBelem, PA (Brazil)
_dJul 1985
245 1 _aSelecao de fungos micorrizicos vesiculo-arbusculares para inoculacao em algaroba, Prosopis juliflora (Sw.)DC
246 1 _a[Selection of vesicular-arbuscular mycorrhizal fungi for inoculation of Prosopis juliflora (Sw.)DC]
650 _aALGAROBA
650 _aMICORRIZA
650 _aINOCULACAO
773 0 _tCiencia Agronomica (Brazil)
_xISSN 0045-6888
_g(Dec 1985), v. 16(2) p. 91-94
_wBR8704851
909 _a202311
_bLúcia
_c55
_dLúcia Elande
942 _2AGRIS
_n0
_cANA
999 _c120471
_d120471